| 000 | 00747nam a2200205 a 4500 | ||
|---|---|---|---|
| 001 | 000045086 | ||
| 005 | 20240409073826.0 | ||
| 008 | 150202s2006 dr a 000 0 spa d | ||
| 020 | _a9945859803 | ||
| 040 |
_aDO-SdBNP _bspa _cBNPHU |
||
| 082 |
_aRD863. 5 _bG934aco |
||
| 100 | 1 |
_aGuerrero, Celio, _d1951- _921066 |
|
| 245 | 1 | 0 |
_aColoreando a Ana y Emilio / _cCelio Guerrero. |
| 260 |
_aSanto Domingo : _bGuerreo & Vásquez Editores, _c2006. |
||
| 300 |
_a56 p. : _bil. ; _c28 cm. |
||
| 500 | _aL a biblioteca posee tres ejemplares autográfiados por el autor | ||
| 500 | _aIncluye datos biográficos del autor en la contracubierta | ||
| 650 | 0 |
_aCuentos infantiles dominicanos _9505 |
|
| 650 | 4 |
_aInteligencia emocional _xLiteratura infantil _973103 |
|
| 999 |
_c44575 _d44575 |
||